Central Library OPAC University of Rajshahi

Out of apathy / (Record no. 3419)

MARC details
000 -LEADER
fixed length control field 00686cam a22002291a 4500
001 - CONTROL NUMBER
control field 3419
003 - CONTROL NUMBER IDENTIFIER
rucl marc code BD-RjUL
005 - DATE AND TIME OF LATEST TRANSACTION
control field 20211208233728.0
008 - FIXED-LENGTH DATA ELEMENTS--GENERAL INFORMATION
fixed length control field 131219s1960 enk 0 eng d
035 ## - SYSTEM CONTROL NUMBER
System control number (BD-RjUL)3453
040 ## - CATALOGING SOURCE
Original cataloging agency NUN
Language of cataloging eng
Transcribing agency NUN
Modifying agency XNTU
-- BD-RjUL
041 ## - LANGUAGE CODE
Language code of text/sound track or separate title eng
082 04 - DEWEY DECIMAL CLASSIFICATION NUMBER
Classification number 320.942
Author mark and year THO 1960
100 1# - MAIN ENTRY--PERSONAL NAME
Personal name Thompson, E. P.
Fuller form of name (Edward Palmer),
Dates associated with a name 1924-1993.
9 (RLIN) 10739
245 10 - TITLE STATEMENT
Title Out of apathy /
Statement of responsibility, etc. by E.P.Thompson and others. Intro. by E.P.Thompson.
260 ## - PUBLICATION, DISTRIBUTION, ETC. (IMPRINT)
Place of publication, distribution, etc. London :
Name of publisher, distributor, etc. Stevens,
Date of publication, distribution, etc. c1960.
300 ## - PHYSICAL DESCRIPTION
Pagination xii, 308p. ;
Size 22 cm.
650 #0 - SUBJECT ADDED ENTRY--TOPICAL TERM
Topical term or geographic name as entry element Capitalism.
9 (RLIN) 10741
Topical term or geographic name as entry element Socialism
Geographic subdivision Great Britain.
9 (RLIN) 10731
942 ## - ADDED ENTRY ELEMENTS (KOHA)
Source of classification or shelving scheme Dewey Decimal Classification
Koha item type Books
Holdings
Lost status Source of classification or shelving scheme Damaged status Not for loan Collection code Permanent Location Current Location Shelving location Date acquired Source of acquisition Cost, normal purchase price Total Checkouts Full call number Date last seen Copy number Koha item type
  Dewey Decimal Classification   Not For Loan Non-fiction Central Library, University of Rajshahi Central Library, University of Rajshahi Reading Room 12/03/1964 Zitlinger 15.00   320.942 THO 1960 19/12/2013 C-1 Books